000 00521nam a2200169 i 4500
001 141661
003 ES-MaACL
005 20230906200336.0
007 t|
008 070926s1934 sp ||||1| spa d
100 1 _aVossler, Karl.
_9115749
245 1 0 _aIntroducción a la literatura española en el siglo de oro /
_cKarl Vossler.
260 _aMadrid :
_bCruz y Raya,
_c1934.
300 _a127 p. ;
_c23 cm.
650 0 4 _aLiteratura española-
_yS.XVI-XVII-
_xHistoria y crítica.
_914571
852 _aES-MaACL
_jA-2501
999 _c141661
_d141661